Muhammad In The Hadees : (Record no. 351711)
[ view plain ]
| 000 -LEADER | |
|---|---|
| fixed length control field | 00563nam a22001937a 4500 |
| 003 - CONTROL NUMBER IDENTIFIER | |
| control field | OSt |
| 005 - DATE AND TIME OF LATEST TRANSACTION | |
| control field | 20180116183053.0 |
| 008 - FIXED-LENGTH DATA ELEMENTS--GENERAL INFORMATION | |
| fixed length control field | 160901b xxu||||| |||| 00| 0 eng d |
| 020 ## - INTERNATIONAL STANDARD BOOK NUMBER | |
| International Standard Book Number | 0 |
| 040 ## - CATALOGING SOURCE | |
| Transcribing agency | 0 |
| 082 ## - DEWEY DECIMAL CLASSIFICATION NUMBER | |
| Classification number | 297.1240521 MUH 1980 |
| 100 ## - MAIN ENTRY--PERSONAL NAME | |
| Personal name | Muhammad in The Hadees |
| 245 ## - TITLE STATEMENT | |
| Title | Muhammad In The Hadees : |
| Remainder of title | Sayings of The Prophet Muhammad |
| 250 ## - EDITION STATEMENT | |
| Edition statement | Fifteenth Hijra centenary edition |
| 260 ## - PUBLICATION, DISTRIBUTION, ETC. | |
| Place of publication, distribution, etc. | Pakistan |
| Name of publisher, distributor, etc. | National Hijra Centenary Celebrations Committee |
| Date of publication, distribution, etc. | 1980 |
| 300 ## - PHYSICAL DESCRIPTION | |
| Extent | 247 p. |
| Other physical details | PB |
| 440 ## - SERIES STATEMENT/ADDED ENTRY--TITLE | |
| Title | Muhammad In The Hadees : |
| 942 ## - ADDED ENTRY ELEMENTS (KOHA) | |
| Source of classification or shelving scheme | |
| Koha item type | Book |
| Withdrawn status | Lost status | Source of classification or shelving scheme | Damaged status | Not for loan | Collection code | Permanent Location | Current Location | Shelving location | Date acquired | Total Checkouts | Full call number | Barcode | Date last seen | Date last checked out | Price effective from | Koha item type |
|---|---|---|---|---|---|---|---|---|---|---|---|---|---|---|---|---|
| NUST Law School (NLS) | NUST Law School (NLS) | General Stacks | 09/01/2016 | 1 | 297.1240521 MUH 1980 | NBSD-2787 | 01/21/2022 | 12/07/2021 | 09/01/2016 | Book | ||||||
| NUST Law School (NLS) | NUST Law School (NLS) | General Stacks | 10/25/2016 | 2 | 297.1240521 MUH 1980 | NBSD-2957 | 10/03/2018 | 10/02/2018 | 10/25/2016 | Book |
